<?xml version="1.0" encoding="UTF-8"?>
<marc:record xmlns:marc="http://www.loc.gov/MARC21/slim">
   <marc:leader>00000nam a2200000 a 4500</marc:leader>
   <marc:datafield ind1="1" ind2=" " tag="100">
      <marc:subfield code="a">Schiff, Stacy</marc:subfield>
      <marc:subfield code="4">aut</marc:subfield>
      <marc:subfield code="e">Verfasser/-in</marc:subfield>
   </marc:datafield>
   <marc:datafield ind1="0" ind2="0" tag="245">
      <marc:subfield code="a">Cleopatra</marc:subfield>
   </marc:datafield>
   <marc:datafield ind1="0" ind2="0" tag="245">
      <marc:subfield code="b">a life</marc:subfield>
   </marc:datafield>
   <marc:datafield ind1="0" ind2="0" tag="245">
      <marc:subfield code="c">Stacy Schiff</marc:subfield>
   </marc:datafield>
   <marc:datafield ind1=" " ind2="1" tag="264">
      <marc:subfield code="a">United States</marc:subfield>
      <marc:subfield code="b">Virgin Books</marc:subfield>
      <marc:subfield code="c">2010</marc:subfield>
   </marc:datafield>
   <marc:datafield ind1=" " ind2=" " tag="250">
      <marc:subfield code="a">1. Auflage</marc:subfield>
   </marc:datafield>
   <marc:datafield ind1="1" ind2=" " tag="520">
      <marc:subfield code="a">Kleopatra VII., letzter weiblicher Pharao Ägyptens, ist heute hinter Mythen, übler Nachrede und märchenhafter Schönheit verborgen. Stacy Schiff , Pulitzer-Preisträgerin, zeigt in ihrer Biografie dank intensiver Recherche und neuer Auswertung antiker Quellen nicht nur die laszive Verführerin und das intrigante Machtweib, sondern enthüllt eine außerordentlich starke Herrscherin &#x96; selbstbewusst, versiert in politischem Kalkül, diplomatisch und visionär. Detailfülle und Mut zum zugespitzten historischen Urteil, sprachliche Eleganz und provokantspritzige Porträts der mächtigen Mit- und Gegenspieler an Kleopatras Seite versetzen den Leser ins alte Reich am Nil mit seinem weltläufigen Charme und seiner machtpolitischen Unerbittlichkeit.</marc:subfield>
   </marc:datafield>
   <marc:datafield ind1=" " ind2=" " tag="020">
      <marc:subfield code="a">9780753539569</marc:subfield>
      <marc:subfield code="9">9780753539569</marc:subfield>
   </marc:datafield>
   <marc:datafield ind1=" " ind2=" " tag="020">
      <marc:subfield code="a">075353956X</marc:subfield>
      <marc:subfield code="9">075353956X</marc:subfield>
   </marc:datafield>
   <marc:datafield ind1=" " ind2=" " tag="041">
      <marc:subfield code="a">eng</marc:subfield>
   </marc:datafield>
   <marc:datafield ind1=" " ind2=" " tag="500">
      <marc:subfield code="a">Dt. unt. dem Titel: Kleopatra ein Leben</marc:subfield>
   </marc:datafield>
   <marc:datafield ind1=" " ind2=" " tag="300">
      <marc:subfield code="a">368 Seiten</marc:subfield>
   </marc:datafield>
</marc:record>
